| 000 | 00693nam a2200205Ia 4500 | ||
|---|---|---|---|
| 003 | GCL | ||
| 008 | 140319s9999 xx 000 0 ara d | ||
| 040 |
_aGCL / _cGCL |
||
| 082 | 0 | 4 |
_a792.9 _bا م |
| 100 | 1 | _aاسامة فرحات | |
| 245 | 1 | 0 |
_aمهرجان القاهرة الدولى للمسرح التجريبىCAIRO INTERNATIONAL FESTIVAL EXPERIMENTAL THEARRE 1 -10 SEPTEMBER 1991 / _cاسامة فرحات |
| 260 |
_a[S.N] : _bوزارة الثقافة |
||
| 300 | _a134 ص | ||
| 490 | _a | ||
| 650 | 0 | 4 | _aالمسرح |
| 650 | 0 | 4 | _aالفنون المسرحية |
| 650 | 0 | 4 | _aالمسرح التجريبى |
| 650 | 0 | 4 | _aالمسرحيات التجريبية |
| 942 |
_2ddc _cBK |
||
| 999 |
_c35852 _d35852 |
||